000 00343nam a2200145Ia 4500
008 230917s9999||||xx |||||||||||||| ||und||
040 _e84157
_aMAIN
041 _aEnglish
082 _a372.35 B469M
100 _aBhatt, B D
245 0 _aMethods of science teaching
260 _aDelhi
_bKanishka
_c1993
300 _av, 384 p.
942 _cBK
999 _c75352
_d75352